[Event "GRE-ch Online Blitz op 1st"]
[Site "Tornelo INT"]
[Date "2021.02.07"]
[Round "13"]
[White "Sampsonoglou, Dimitrios1"]
[Black "Zaganas, Konstantinos"]
[Result "0-1"]
[WhiteElo "1186"]
[BlackElo "1678"]
[PlyCount "102"]
[EventDate "2021.02.07"]
[EventType "swiss (blitz)"]
[EventRounds "16"]
[EventCountry "GRE"]
[SourceTitle "EXT 2023"]
[Source "ChessBase"]
[SourceDate "2022.10.05"]
[SourceVersion "1"]
[SourceVersionDate "2022.10.05"]
[SourceQuality "1"]

1. e4 e5 2. Nf3 Nc6 3. Bc4 Be7 4. 0-0 d6 5. h3 Nf6 6. Nc3 0-0 7. d3 Be6 8. Bb3 Rb8 9. Be3 Bxb3 10. axb3 b6 11. Nd5 a5 12. Nxe7+ Nxe7 13. Qd2 Ng6 14. Nh2 c6 15. f4 exf4 16. Bxf4 Nxf4 17. Qxf4 Qe7 18. Ng4 Nxg4 19. Qxg4 Rbd8 20. Rfe1 Qe5 21. Rab1 Qc5+ 22. Kh1 Qxc2 23. Red1 Qxb3 24. Rf1 Qxd3 25. Rfd1 Qb3 26. Rf1 Qe6 27. Qg5 Qxe4 28. Rfe1 Qg6 29. Qe7 c5 30. Qc7 d5 31. Qe7 d4 32. Re4 h6 33. Qb7 d3 34. Rd1 d2 35. Re2 Qc2 36. Qxb6 Qxd1+ 37. Kh2 Qxe2 38. Qxc5 d1Q 39. b4 axb4 40. h4 Qd6+ 41. Qxd6 Rxd6 42. h5 Rd5 43. Kg1 Qxh5 44. g4 Qxg4+ 45. Kf2 Rd2+ 46. Ke3 Qe2+ 47. Kf4 Rd4+ 48. Kg3 Qg4+ 49. Kf2 Re8 50. Kf1 Qe2+ 51. Kg1 Rd1# 0-1

[Event "GRE-ch Online Blitz op 1st"]
[Site "Tornelo INT"]
[Date "2021.02.07"]
[Round "6"]
[White "Zaganas, Konstantinos"]
[Black "Vasilakis, Charalampos"]
[Result "1-0"]
[WhiteElo "1678"]
[BlackElo "1084"]
[PlyCount "133"]
[EventDate "2021.02.07"]
[EventType "swiss (blitz)"]
[EventRounds "16"]
[EventCountry "GRE"]
[SourceTitle "EXT 2023"]
[Source "ChessBase"]
[SourceDate "2022.10.05"]
[SourceVersion "1"]
[SourceVersionDate "2022.10.05"]
[SourceQuality "1"]

1. e4 e6 2. d4 d5 3. e5 c5 4. c3 Nc6 5. Nf3 Qb6 6. b3 cxd4 7. cxd4 Bd7 8. Be3 Nge7 9. Nbd2 Nf5 10. Be2 Be7 11. 0-0 0-0 12. Nb1 Rac8 13. g4 Nxe3 14. fxe3 f5 15. exf6 Bxf6 16. Nbd2 e5 17. g5 Be7 18. Rc1 exd4 19. exd4 Nxd4 20. Nxd4 Qxd4+ 21. Kh1 Bxg5 22. Nf3 Qe4 23. Rxc8 Rxc8 24. Qd4 Qxd4 25. Nxd4 Rf8 26. Rxf8+ Kxf8 27. Bf3 Bc6 28. Ne6+ Ke7 29. Nxg5 h6 30. Nh3 d4 31. Bxc6 bxc6 32. Nf4 Kd6 33. Kg2 Ke5 34. Kf3 g5 35. Nd3+ Kd5 36. h3 c5 37. a3 c4 38. bxc4+ Kxc4 39. Ke4 Kc3 40. a4 Kb3 41. a5 Ka4 42. a6 Ka5 43. Kxd4 Kxa6 44. Ne5 Kb5 45. Nf7 Kb4 46. Nxh6 a5 47. Nf5 a4 48. Ne3 Kb3 49. Nc4 Kb4 50. Kd3 a3 51. Nxa3 Kc5 52. Ke3 Kd6 53. Kf3 Ke6 54. Kg4 Kf6 55. Nb5 Kg6 56. Nd4 Kh6 57. Nf3 Kg6 58. Nxg5 Kh6 59. h4 Kg6 60. Ne4 Kh6 61. Nd6 Kh7 62. Kg5 Kh8 63. Kg6 Kg8 64. h5 Kh8 65. h6 Kg8 66. h7+ Kh8 67. Nf7# 1-0